[Event "World Youth Boys U16 2014"]
[Site "Durban RSA"]
[Date "2014.09.23"]
[Round "6.1"]
[White "Karthikeyan, Murali"]
[Black "Aravindh, Chithambaram VR."]
[Result "1/2-1/2"]
[WhiteTitle "IM"]
[BlackTitle "IM"]
[WhiteElo "2462"]
[BlackElo "2496"]
[WhiteFideId "5074452"]
[BlackFideId "5072786"]
[EventDate "2014.09.20"]

1. e4 c5 2. Nf3 Nc6 3. Bb5 e6 4. Bxc6 bxc6 5. O-O Ne7 6. Nc3 f6 7. d3 d6 8. Qe2
g6 9. d4 cxd4 10. Nxd4 e5 11. Nb3 a5 12. Rd1 a4 13. Nc5 Qc7 14. N5xa4 Be6 15. b3
Nc8 16. Nb2 Be7 17. Nc4 O-O 18. a4 f5 19. exf5 Rxf5 20. f4 Bf8 21. fxe5 d5 22.
Nd6 Nxd6 23. exd6 Qxd6 24. Ba3 c5 25. Nb5 Qb6 26. Nc7 Qxc7 27. Qxe6+ Qf7 28.
Qxf7+ Kxf7 29. Rf1 Rxf1+ 30. Kxf1 Ke6 31. Ke2 Kd7 32. Rf1 Ke6 33. Bb2 Bd6 34. h3
Rb8 35. Bc3 Ra8 36. h4 Bg3 37. Rf6+ Ke7 38. Rb6 Bxh4 39. Rb7+ Ke6 40. Rxh7 Be7
41. Rg7 d4 42. Bd2 Kf6 43. Rh7 c4 44. Bg5+ Kxg5 45. Rxe7 d3+ 46. Kd2 dxc2 47.
Kxc2 cxb3+ 48. Kxb3 Kf4 49. Re2 Rb8+ 50. Kc4 g5 51. a5 g4 52. Ra2 Kg3 53. a6 Kh2
54. a7 Ra8 55. Kc5 g3 56. Kb6 Rf8 57. Rc2 Rf2 58. a8=Q Rxc2 59. Qe4 Rxg2 60. Kc5
Rf2 61. Qh4+ Kg2 62. Kd4 Rd2+ 63. Ke3 Rf2 64. Qh5 Kg1 65. Qh3 g2 66. Qh4 Rf8 67.
Qh7 Rf1 68. Qh5 Rf2 69. Qd1+ Rf1 70. Qd4 Kh1 71. Qh4+ Kg1 72. Ke2 Rf8 73. Qe1+
Kh2 74. Qh4+ Kg1 75. Qh7 Rf2+ 76. Ke3 Rf1 1/2-1/2

[Event "World Youth Boys U16 2014"]
[Site "Durban RSA"]
[Date "2014.09.23"]
[Round "6.2"]
[White "Pichot, Alan"]
[Black "Gazik, Viktor"]
[Result "1-0"]
[WhiteTitle "IM"]
[BlackTitle "FM"]
[WhiteElo "2452"]
[BlackElo "2315"]
[WhiteFideId "110973"]
[BlackFideId "14928752"]
[EventDate "2014.09.20"]

1. e4 Nf6 2. e5 Nd5 3. d4 Nb6 4. Nf3 d5 5. Bd3 Bg4 6. h3 Bh5 7. e6 fxe6 8. g4
Bf7 9. Ne5 N8d7 10. Nxf7 Kxf7 11. g5 g6 12. h4 Bg7 13. Qf3+ Kg8 14. h5 Qe8 15.
Qg4 e5 16. h6 Bf8 17. dxe5 e6 18. Bf4 Bc5 19. c3 Qf7 20. Bg3 Rf8 21. Rh2 Nc8 22.
a4 c6 23. Nd2 Ne7 24. b4 Bb6 25. a5 Bc7 26. f4 Nf5 27. Bf2 a6 28. Nf3 Qe7 29.
Qg1 Rc8 30. Bxf5 exf5 31. Bd4 Kf7 32. e6+ Qxe6+ 33. Re2 Qd6 34. Bxh8 Qxf4 35.
Qd4 1-0

[Event "World Youth Boys U16 2014"]
[Site "Durban RSA"]
[Date "2014.09.23"]
[Round "6.3"]
[White "Sibashvili, Giorgi"]
[Black "Bellahcene, Bilel"]
[Result "1/2-1/2"]
[BlackTitle "FM"]
[WhiteElo "2335"]
[BlackElo "2428"]
[WhiteFideId "13602799"]
[BlackFideId "696358"]
[EventDate "2014.09.20"]

1. d4 Nf6 2. c4 e6 3. Nc3 Bb4 4. Nf3 b6 5. Qc2 Bb7 6. a3 Bxc3+ 7. Qxc3 Ne4 8.
Qc2 O-O 9. g3 f5 10. Bg2 Nf6 11. O-O Be4 12. Qc3 Qe8 13. b4 d6 14. a4 a5 15. b5
Nbd7 16. Ba3 Bb7 17. Rac1 Ne4 18. Qc2 Qh5 19. Ne1 Rf6 20. Bf3 Qh3 21. Bg2 Ng5
22. Nf3 Bxf3 23. exf3 Qh5 24. f4 Rh6 25. h4 Nf3+ 26. Bxf3 Qxf3 27. Qc3 Qg4 28.
Kh2 Nf6 29. f3 Qg6 30. Rg1 Nh5 31. Qe3 e5 32. dxe5 dxe5 33. fxe5 f4 34. gxf4 Qf5
35. Rg4 Rd8 36. Qe4 Rd2+ 37. Kg1 Qxe4 38. fxe4 Rg6 39. Rxg6 hxg6 40. Rf1 Ng3 41.
Rf3 Nxe4 42. f5 Rd1+ 43. Kh2 Rd2+ 44. Kg1 Rd1+ 1/2-1/2

[Event "World Youth Boys U16 2014"]
[Site "Durban RSA"]
[Date "2014.09.23"]
[Round "6.4"]
[White "Ali Marandi, Cemil Can"]
[Black "Rodriguez, Adrien"]
[Result "1/2-1/2"]
[WhiteTitle "IM"]
[WhiteElo "2408"]
[BlackElo "2284"]
[WhiteFideId "6300529"]
[BlackFideId "20691866"]
[EventDate "2014.09.20"]

1. d4 Nf6 2. Bg5 Ne4 3. Bf4 c5 4. f3 Qa5+ 5. c3 Nf6 6. Nd2 cxd4 7. Nb3 Qf5 8.
Bxb8 Rxb8 9. Qxd4 b6 10. e4 Qf4 11. Nh3 Qc7 12. e5 Ng8 13. Nf2 f6 14. f4 g6 15.
O-O-O Bg7 16. Ng4 fxe5 17. Nxe5 Nf6 18. Kb1 O-O 19. Qc4+ Qxc4 20. Bxc4+ d5 21.
Bd3 Ng4 22. Nxg4 Bxg4 23. Rdf1 Bf5 24. Kc2 Rbc8 25. Rd1 1/2-1/2

[Event "World Youth Boys U16 2014"]
[Site "Durban RSA"]
[Date "2014.09.23"]
[Round "6.5"]
[White "Sosa, Tomas ARG"]
[Black "Petrosyan, Manuel"]
[Result "1/2-1/2"]
[BlackTitle "FM"]
[WhiteElo "2275"]
[BlackElo "2397"]
[WhiteFideId "121576"]
[BlackFideId "13300857"]
[EventDate "2014.09.20"]

1. e4 c5 2. Nf3 e6 3. d4 cxd4 4. Nxd4 a6 5. Nc3 b5 6. Bd3 Qb6 7. Nb3 Qc7 8. O-O
Bb7 9. Qe2 d6 10. f4 Nd7 11. Bd2 b4 12. Nd1 Ngf6 13. Kh1 d5 14. Nf2 dxe4 15.
Nxe4 Be7 16. c3 bxc3 17. Bxc3 O-O 18. Rac1 Qb8 19. Ng5 Bd5 20. Nxh7 Nxh7 21.
Bxh7+ Kxh7 22. Qh5+ Kg8 23. Bxg7 Kxg7 24. Qg4+ Kh8 25. Qh5+ 1/2-1/2

[Event "World Youth Boys U16 2014"]
[Site "Durban RSA"]
[Date "2014.09.23"]
[Round "6.6"]
[White "Saiyn, Zhanat"]
[Black "Kaczur, Florian"]
[Result "1/2-1/2"]
[WhiteTitle "FM"]
[WhiteElo "2397"]
[BlackElo "2278"]
[WhiteFideId "13703820"]
[BlackFideId "705098"]
[EventDate "2014.09.20"]

1. d4 Nf6 2. c4 e6 3. Nc3 Bb4 4. e3 O-O 5. Bd3 d5 6. Ne2 dxc4 7. Bxc4 e5 8. a3
Bd6 9. Nb5 a6 10. Nxd6 cxd6 11. dxe5 dxe5 12. Qxd8 Rxd8 13. f3 Nc6 14. e4 Na5
15. Ba2 Be6 16. Bxe6 fxe6 17. Bd2 Nb3 18. Rd1 Nxd2 19. Rxd2 Rac8 20. Nc3 Kf7 21.
Ke2 Rxd2+ 22. Kxd2 Nd7 23. Rd1 Nb6 24. Kc2 Ke7 25. b3 Rc6 26. Rd3 Nd7 27. Kb2
Nc5 28. Rd2 Rd6 29. Rxd6 Kxd6 30. Kc2 b5 31. Nd1 Nd7 32. Kd3 Nb8 33. Ne3 Nc6 34.
b4 a5 35. Nc2 axb4 36. axb4 Kd7 37. Kc3 Kc7 38. Na3 Kb6 39. Nc2 Kc7 40. Kd2 Kd6
41. Kd3 Kd7 42. Na3 Nxb4+ 43. Kc3 Na2+ 44. Kb2 Nb4 45. Kc3 Na2+ 46. Kb3 Nc1+ 47.
Kc2 b4 1/2-1/2

[Event "World Youth Boys U16 2014"]
[Site "Durban RSA"]
[Date "2014.09.23"]
[Round "6.7"]
[White "Wu, Christopher"]
[Black "Mousavi, Seyed Khalil"]
[Result "1-0"]
[BlackTitle "FM"]
[WhiteElo "2274"]
[BlackElo "2348"]
[WhiteFideId "2040875"]
[BlackFideId "12511099"]
[EventDate "2014.09.20"]

1. e4 c5 2. Nf3 e6 3. d4 cxd4 4. Nxd4 Nf6 5. Nc3 Nc6 6. Ndb5 d6 7. Bf4 e5 8. Bg5
a6 9. Na3 b5 10. Bxf6 gxf6 11. Nd5 f5 12. c3 Bg7 13. exf5 Bxf5 14. Nc2 O-O 15.
Nce3 Be6 16. Bd3 f5 17. Bc2 Ne7 18. Nxe7+ Qxe7 19. Bxf5 Bxf5 20. Nxf5 Qf6 21. g4
Qg5 22. h3 Kh8 23. Qd2 Qg6 24. O-O-O b4 25. c4 Rac8 26. b3 Bf6 27. Kb1 e4 28.
Qxd6 a5 29. Qd7 a4 30. Qxa4 Qg5 31. Qa7 Ra8 32. Qb7 Rad8 33. Qxe4 Rd2 34. f4
Rb2+ 35. Kc1 Qg6 36. Rd2 Rxd2 37. Kxd2 Re8 38. Qf3 Bc3+ 39. Kc1 Qf6 40. Qg2 Qd8
41. Rd1 Qf6 42. Kb1 Rf8 43. Rd6 Qf7 44. Qd5 Qe8 45. Re6 Qb8 46. Nd6 Qa7 47. c5
Qd7 48. Re8 1-0

[Event "World Youth Boys U16 2014"]
[Site "Durban RSA"]
[Date "2014.09.23"]
[Round "6.8"]
[White "Sanal, Vahap"]
[Black "Christiansen, Johan-Sebastian"]
[Result "1-0"]
[WhiteTitle "IM"]
[WhiteElo "2473"]
[BlackElo "2233"]
[WhiteFideId "6300545"]
[BlackFideId "1512668"]
[EventDate "2014.09.20"]

1. e4 e6 2. d4 d5 3. Nc3 Nf6 4. e5 Nfd7 5. f4 c5 6. Nf3 Nc6 7. Be3 Be7 8. Qd2
O-O 9. Bd3 b6 10. O-O a5 11. a4 Ba6 12. Nb5 f5 13. c3 Na7 14. Nxa7 Rxa7 15. Bxa6
Rxa6 16. c4 dxc4 17. d5 exd5 18. Qxd5+ Kh8 19. Rad1 Ra7 20. Qe6 Qe8 21. Rd2 Rb7
22. Qxc4 Nb8 23. Rfd1 h6 24. h3 Qh5 25. Rd3 Qg6 26. Bd2 Qc6 27. Bc3 Qe4 28. Nd2
Qc6 29. Nf1 Qe4 30. Nd2 Qc6 31. e6 Kh7 32. Re1 Qc8 33. Nf3 Nc6 34. Qd5 Nb4 35.
Bxb4 axb4 36. Ne5 g6 37. b3 Rg8 38. Red1 Rg7 39. Qc4 Bf6 40. Nd7 Be7 41. Qd5 Qc7
42. Qf3 Qc8 43. Kh1 b5 44. axb5 Rxb5 45. Ra1 c4 46. Ra8 Qc7 47. bxc4 Qxc4 48.
Re8 Ra5 49. Rd1 Qb5 50. Rc1 Ra3 51. Rcc8 g5 52. Rh8+ Kg6 53. Ne5+ Qxe5 54. Rxh6+
Kxh6 55. Rh8+ Rh7 56. Rxh7+ Kxh7 57. Qh5+ Kg7 58. fxe5 Ra7 59. Qf3 Kg6 60. Qd3
Kh6 61. Kh2 Rb7 62. Qa6 Rc7 63. Qb6 Rc1 64. Qb8 Kg7 65. Qe8 Rc7 66. Qb5 Rc1 67.
Qb7 Kf8 68. Qf3 Kg7 69. Qxf5 Rc7 70. Qf7+ Kh6 71. Qf3 Kg7 72. Qd5 Rc1 73. Qb7
Kf8 74. Qf3+ Ke8 75. Qf7+ Kd8 76. Qg8+ Kc7 77. Qf7 Kd8 78. Qg8+ Kc7 79. Qe8 Bc5
80. e7 Bg1+ 81. Kg3 Rc3+ 82. Kg4 Rc4+ 83. Kh5 Rh4+ 84. Kg6 Rd4 85. Qb5 1-0

[Event "World Youth Boys U16 2014"]
[Site "Durban RSA"]
[Date "2014.09.23"]
[Round "6.9"]
[White "Maslov, Ivan"]
[Black "Vorontsov, Pavlo"]
[Result "1-0"]
[BlackTitle "FM"]
[WhiteElo "2095"]
[BlackElo "2397"]
[WhiteFideId "24169820"]
[BlackFideId "14116367"]
[EventDate "2014.09.20"]

1. d4 Nf6 2. c4 g6 3. Nc3 d5 4. cxd5 Nxd5 5. Bd2 Bg7 6. e4 Nxc3 7. Bxc3 O-O 8.
Rc1 c6 9. h3 Nd7 10. Nf3 Nb6 11. Bd3 Be6 12. O-O Qd7 13. Qc2 Rad8 14. Rcd1 Qc8
15. Rfe1 h6 16. a4 Rd7 17. a5 Na8 18. Rc1 Rfd8 19. Qa4 Qb8 20. Bf1 Nc7 21. a6
Nxa6 22. Bxa6 bxa6 23. Qxc6 Rd6 24. Qa4 Bd7 25. Qa3 Bb5 26. Bb4 R6d7 27. Bxe7
Re8 28. Bc5 Qf4 29. Qe3 Qb8 30. b4 Qb7 31. Nd2 Bc6 32. f3 f5 33. Qb3+ Rf7 34.
Nc4 Rd8 35. d5 Bb5 36. Nd6 Rxd6 37. Bxd6 fxe4 38. Rxe4 Qd7 39. Bc5 1-0

[Event "World Youth Boys U16 2014"]
[Site "Durban RSA"]
[Date "2014.09.23"]
[Round "6.10"]
[White "Van Foreest, Jorden"]
[Black "Dragnev, Valentin"]
[Result "1-0"]
[WhiteTitle "FM"]
[WhiteElo "2457"]
[BlackElo "2151"]
[WhiteFideId "1039784"]
[BlackFideId "1634852"]
[EventDate "2014.09.20"]

1. Nf3 Nf6 2. c4 e6 3. Nc3 d5 4. d4 Be7 5. Bg5 h6 6. Bh4 O-O 7. e3 Ne4 8. Bxe7
Qxe7 9. Rc1 c6 10. Bd3 Nxc3 11. bxc3 dxc4 12. Bxc4 Nd7 13. O-O e5 14. Qc2 e4 15.
Nd2 Nf6 16. f3 exf3 17. Rxf3 Bg4 18. Rg3 h5 19. e4 h4 20. Re3 Nh5 21. e5 Qg5 22.
Rce1 Nf4 23. Ne4 Qh6 24. Nd6 h3 25. Rg3 Be6 26. Nf5 Bxf5 27. Qxf5 hxg2 28. Re4
Nd5 29. Rg5 g6 30. Reg4 Kg7 31. Bd3 Kh7 32. Rh5 1-0

[Event "World Youth Boys U16 2014"]
[Site "Durban RSA"]
[Date "2014.09.23"]
[Round "6.12"]
[White "Li, Di"]
[Black "Lenaerts, Lennert"]
[Result "1/2-1/2"]
[WhiteTitle "FM"]
[WhiteElo "2192"]
[BlackElo "2329"]
[WhiteFideId "8607508"]
[BlackFideId "211435"]
[EventDate "2014.09.20"]

1. d4 d5 2. c4 c6 3. cxd5 cxd5 4. Bf4 Nc6 5. e3 Nf6 6. Nc3 a6 7. Rc1 Bf5 8. Nf3
Rc8 9. Be2 e6 10. O-O Be7 11. Qb3 Na5 12. Qa4+ Nc6 13. Qb3 Na5 14. Qa4+ Nc6 15.
Qb3 1/2-1/2

[Event "World Youth Boys U16 2014"]
[Site "Durban RSA"]
[Date "2014.09.23"]
[Round "6.13"]
[White "Xu, Xiangyu"]
[Black "Song, Edward"]
[Result "1/2-1/2"]
[WhiteElo "2133"]
[BlackElo "2323"]
[WhiteFideId "8608288"]
[BlackFideId "2051192"]
[EventDate "2014.09.20"]

1. e4 c5 2. Nf3 d6 3. c3 Nf6 4. Be2 g6 5. O-O Bg7 6. Bb5+ Nbd7 7. Re1 a6 8. Bf1
e5 9. c4 Bh6 10. Nc3 O-O 11. a3 b6 12. Rb1 Qe8 13. g3 b5 14. d3 Bxc1 15. Qxc1 b4
16. Nd5 Nxd5 17. cxd5 a5 18. a4 Kg7 19. b3 h6 20. Nd2 Ba6 21. Nc4 Bxc4 22. Qxc4
f5 23. exf5 Rxf5 24. Rb2 Rf7 1/2-1/2

[Event "World Youth Boys U16 2014"]
[Site "Durban RSA"]
[Date "2014.09.23"]
[Round "6.14"]
[White "Rakotomaharo, Fy Antenaina"]
[Black "Valkama, Eero"]
[Result "1-0"]
[WhiteTitle "CM"]
[WhiteElo "2286"]
[BlackElo "2073"]
[WhiteFideId "13100050"]
[BlackFideId "507555"]
[EventDate "2014.09.20"]

1. d4 Nf6 2. c4 e6 3. Nc3 Bb4 4. e3 d5 5. a3 Bxc3+ 6. bxc3 O-O 7. Bd3 Nbd7 8.
cxd5 exd5 9. Ne2 c5 10. a4 b6 11. O-O Bb7 12. f3 Re8 13. Qe1 Qc7 14. g4 a6 15.
Qh4 Nf8 16. g5 N6d7 17. f4 f6 18. Rf3 fxg5 19. fxg5 g6 20. Bd2 Bc6 21. Raf1 Re7
22. Nf4 Qd6 23. Be1 c4 24. Bc2 Rae8 25. Bf2 Qa3 26. Rh3 Qd6 27. Bg3 Re4 28. Qh6
Qe7 29. Bxe4 Qxe4 30. Ng2 Qe7 31. Bf4 Bxa4 32. Rhf3 Ne6 33. R3f2 a5 34. Qh3 Rf8
35. Qg3 Qe8 36. h4 Ng7 37. Qh3 Bc6 38. Bc7 Rxf2 39. Rxf2 Qe6 40. Qf3 Ne8 41.
Bxb6 a4 42. Bc5 Qf5 43. Qg3 Qe4 44. Bb4 1-0

[Event "World Youth Boys U16 2014"]
[Site "Durban RSA"]
[Date "2014.09.23"]
[Round "6.16"]
[White "Nastase, Robert-Paul"]
[Black "Lien, Kjell Hakon"]
[Result "1-0"]
[WhiteElo "2255"]
[BlackElo "2004"]
[WhiteFideId "1221175"]
[BlackFideId "1510444"]
[EventDate "2014.09.20"]

1. e4 c5 2. Nf3 e6 3. d4 cxd4 4. Nxd4 Nc6 5. Nb5 d6 6. c4 a6 7. N5c3 Nf6 8. g3
Be7 9. Bg2 O-O 10. O-O Qc7 11. Qe2 b6 12. Be3 Bb7 13. Nd2 Nd7 14. f4 Rac8 15.
Rac1 Qb8 16. Rfd1 Qa8 17. g4 Bd8 18. Nb3 Bc7 19. e5 dxe5 20. Rxd7 exf4 21. Bf2
Qb8 22. Nd4 Nxd4 23. Rxd4 f3 24. Bxf3 Bxh2+ 25. Kg2 Be5 26. Rd7 Bxf3+ 27. Qxf3
Rxc4 28. Rcd1 Rf4 29. Qe2 f5 30. g5 Qa8+ 31. Nd5 Re4 32. Qf3 exd5 33. R1xd5 Rg4+
34. Kf1 Re4 35. Qb3 Kh8 36. Qxb6 Qc8 37. Qc5 Rf4 38. Kg2 Rg4+ 39. Kf3 Rf4+ 40.
Kg2 Rg4+ 41. Kf3 Rf4+ 42. Ke3 Qe8 43. Kd2 Re4 44. Rd8 1-0

[Event "World Youth Boys U16 2014"]
[Site "Durban RSA"]
[Date "2014.09.23"]
[Round "6.17"]
[White "Taylor, Adam C"]
[Black "Tica, Sven"]
[Result "0-1"]
[WhiteElo "2023"]
[BlackElo "2246"]
[WhiteFideId "424668"]
[BlackFideId "14526948"]
[EventDate "2014.09.20"]

1. Nf3 d5 2. d4 e6 3. c4 Nf6 4. g3 Be7 5. Bg2 dxc4 6. O-O O-O 7. Qa4 a6 8. Qxc4
b5 9. Qc2 Bb7 10. Bd2 Nbd7 11. Ba5 Bd6 12. b4 Qe7 13. a3 Be4 14. Qb2 e5 15. Nbd2
Bd5 16. Rac1 Rac8 17. e3 e4 18. Ne1 Nh5 19. Rc3 f5 20. f3 c6 21. Qc2 Rce8 22. f4
Rf6 23. Kf2 g5 24. fxg5 Rg6 25. Ke2 Qxg5 26. Bh3 Nxg3+ 27. hxg3 Qh5+ 28. g4 Qxh3
29. Kd1 Qxg4+ 30. Kc1 f4 0-1

[Event "World Youth Boys U16 2014"]
[Site "Durban RSA"]
[Date "2014.09.23"]
[Round "6.18"]
[White "Kumaran, B"]
[Black "Yang, ching Wei, Austin"]
[Result "1-0"]
[WhiteElo "2239"]
[BlackElo "1941"]
[WhiteFideId "5038472"]
[BlackFideId "16300440"]
[EventDate "2014.09.20"]

1. e4 e5 2. Nf3 Nc6 3. Bb5 a6 4. Ba4 Nf6 5. O-O Be7 6. Re1 b5 7. Bb3 O-O 8. a4
Bb7 9. d3 d6 10. c3 Na5 11. Bc2 c5 12. Nbd2 Qc7 13. Nf1 Rfe8 14. Ng3 g6 15. Bd2
Bf8 16. b4 cxb4 17. cxb4 Nc6 18. Rc1 Qd7 19. Bb3 Rac8 20. Bg5 Bg7 21. Qd2 Nd8
22. Rxc8 Qxc8 23. axb5 axb5 24. Rc1 Qd7 25. Bh6 d5 26. Bxg7 Kxg7 27. Nf5+ Kh8
28. Qh6 Nh5 29. Nxe5 Qe6 30. Nf3 gxf5 31. Qxh5 fxe4 32. dxe4 Qxe4 33. Bc2 1-0

[Event "World Youth Boys U16 2014"]
[Site "Durban RSA"]
[Date "2014.09.23"]
[Round "6.19"]
[White "Satre, Mathias"]
[Black "Chandran, Kapil"]
[Result "0-1"]
[WhiteElo "1795"]
[BlackElo "2229"]
[WhiteFideId "1513648"]
[BlackFideId "2034077"]
[EventDate "2014.09.20"]

1. e4 c5 2. Nc3 a6 3. g3 b5 4. Bg2 Bb7 5. f4 e6 6. d3 d5 7. e5 Nc6 8. Nf3 h5 9.
O-O Nh6 10. Ne2 d4 11. Ng5 Be7 12. Ne4 h4 13. c3 Qd7 14. a4 b4 15. c4 O-O-O 16.
Bf3 hxg3 17. hxg3 Nf5 18. Kg2 g5 19. fxg5 Nxe5 20. Nf4 Nxf3 21. Rxf3 Qc6 22. g6
Nd6 23. gxf7 Nxe4 24. Ng6 Bd6 25. dxe4 Qxe4 26. Nxh8 Rxh8 27. Bg5 Qg4 28. Bf6
Qxg3+ 0-1

[Event "World Youth Boys U16 2014"]
[Site "Durban RSA"]
[Date "2014.09.23"]
[Round "6.20"]
[White "Adriaanse, Adam"]
[Black "Litvinov, Maxim"]
[Result "0-1"]
[WhiteElo "1922"]
[BlackElo "2211"]
[WhiteFideId "2617838"]
[BlackFideId "24157449"]
[EventDate "2014.09.20"]

1. e4 e5 2. Nf3 Nc6 3. Nc3 Nf6 4. d4 exd4 5. Nd5 Nxd5 6. exd5 Bb4+ 7. Bd2 Qe7+
8. Be2 d3 9. dxc6 dxe2 10. cxd7+ Bxd7 11. Qxe2 Qxe2+ 12. Kxe2 Bb5+ 13. Ke3 Bc5+
14. Nd4 O-O-O 15. c3 Rhe8+ 16. Kf3 Bxd4 17. cxd4 Rxd4 18. Be3 Bc6+ 19. Kg3 Rd6
20. Rhg1 Rg6+ 21. Kh3 Bd7+ 22. g4 h5 23. Kg2 Bxg4 24. h3 Be6+ 25. Kh2 Rxg1 26.
Kxg1 Bxh3 27. Rc1 b6 28. Bf4 Re7 29. Kh2 Be6 30. a3 a5 31. b4 a4 32. Kg3 f6 33.
Be3 Bf7 34. Rc3 Re4 0-1

[Event "World Youth Boys U16 2014"]
[Site "Durban RSA"]
[Date "2014.09.23"]
[Round "6.21"]
[White "Gajek, Radoslaw"]
[Black "Mayed, Al-Rashedi"]
[Result "1-0"]
[WhiteTitle "FM"]
[BlackTitle "FM"]
[WhiteElo "2393"]
[BlackElo "1859"]
[WhiteFideId "1125893"]
[BlackFideId "9303871"]
[EventDate "2014.09.20"]

1. e4 e5 2. Nf3 Nc6 3. Bb5 Nge7 4. O-O g6 5. c3 Bg7 6. d4 exd4 7. cxd4 O-O 8. d5
a6 9. Be2 Ne5 10. Nxe5 Bxe5 11. f4 Bg7 12. f5 f6 13. d6 cxd6 14. Qxd6 Nc6 15.
fxg6 hxg6 16. Bc4+ Kh7 17. Qg3 Qa5 18. Rf5 gxf5 19. Qh3+ Kg6 20. exf5+ Qxf5 21.
Bd3 Qxd3 22. Qxd3+ Kf7 23. Nc3 Re8 24. Ne4 1-0

[Event "World Youth Boys U16 2014"]
[Site "Durban RSA"]
[Date "2014.09.23"]
[Round "6.22"]
[White "Kollars, Dmitrij"]
[Black "Naotunna, Dineth Nimnaka"]
[Result "1/2-1/2"]
[WhiteElo "2243"]
[BlackElo "1837"]
[WhiteFideId "12909572"]
[BlackFideId "9919228"]
[EventDate "2014.09.20"]

1. c4 e5 2. g3 f5 3. Bg2 Nf6 4. Nc3 c6 5. d3 Be7 6. e4 d6 7. Nge2 Be6 8. exf5
Bxf5 9. O-O O-O 10. d4 Nbd7 11. h3 Qc7 12. Be3 Rad8 13. Rc1 Nb6 14. Qb3 Kh8 15.
Rfd1 c5 16. dxe5 dxe5 17. Nd5 Nbxd5 18. cxd5 b6 19. Nc3 Bd7 20. Nb5 Bxb5 21.
Qxb5 Qd7 22. Qc4 Bd6 23. Qh4 Rc8 24. g4 g6 25. b4 cxb4 26. Rc6 Rce8 27. Bg5 1/2-1/2

[Event "World Youth Boys U16 2014"]
[Site "Durban RSA"]
[Date "2014.09.23"]
[Round "6.23"]
[White "Zayan, Mohamed"]
[Black "Kolver, Chris"]
[Result "1-0"]
[WhiteTitle "FM"]
[WhiteElo "2125"]
[BlackElo "1751"]
[WhiteFideId "10609989"]
[BlackFideId "14307820"]
[EventDate "2014.09.20"]

1. e4 c5 2. Nf3 Nc6 3. Bb5 Nf6 4. e5 Nd5 5. Nc3 Nc7 6. Bxc6 dxc6 7. O-O Bg4 8.
h3 Bh5 9. Ne4 e6 10. Ng3 Bg6 11. d3 Be7 12. Bd2 Nb5 13. Qe2 Qd7 14. a4 Nd4 15.
Nxd4 Qxd4 16. Bc3 Qd5 17. Rfd1 O-O 18. Ne4 Rfd8 19. b3 b5 20. f3 a6 21. Bb2 h6
22. Nd6 b4 23. Nc4 Rab8 24. f4 f5 25. exf6 Bxf6 26. Be5 Rb7 27. Ne3 Qd7 28. Ng4
Rf8 29. Bxf6 gxf6 30. Nxh6+ Kg7 31. Ng4 Bh5 32. Qe3 Bxg4 33. hxg4 Qd4 34. Qxd4
cxd4 35. Re1 Re7 36. Re4 c5 37. Rae1 Rfe8 38. Kf2 Kf7 39. Kf3 Rg8 40. g5 fxg5
41. f5 Rge8 42. fxe6+ Kf6 43. Kg4 Rh7 44. g3 Rh2 45. R1e2 Rxe2 46. Rxe2 Re7 47.
Re4 1-0

[Event "World Youth Boys U16 2014"]
[Site "Durban RSA"]
[Date "2014.09.23"]
[Round "6.24"]
[White "Essop, Hishaam"]
[Black "Tasci, Onur"]
[Result "0-1"]
[WhiteElo "1752"]
[BlackElo "2028"]
[WhiteFideId "14306549"]
[BlackFideId "6322182"]
[EventDate "2014.09.20"]

1. e4 c5 2. Nc3 g6 3. g3 Bg7 4. Bg2 Nc6 5. Nge2 e5 6. d3 Nge7 7. O-O O-O 8. Be3
d6 9. Qd2 Nd4 10. f4 Be6 11. h3 Qd7 12. Kh2 f5 13. Ng1 Kh8 14. Nd1 fxe4 15. dxe4
Bc4 16. Rf2 Rad8 17. b3 Bg8 18. c3 Ndc6 19. Nb2 b6 20. Rd1 Qc7 21. Qc1 d5 22.
exd5 Nxd5 23. Bxd5 Rxd5 24. Rfd2 Ne7 25. Nc4 Rxd2+ 26. Qxd2 Bxc4 27. bxc4 Nf5
28. Ne2 Bh6 29. Bf2 exf4 30. gxf4 Ng7 31. Bg3 Nh5 32. Rf1 Nxg3 33. Kxg3 g5 34.
Rf3 gxf4+ 35. Nxf4 Qg7+ 36. Kf2 Qf6 37. Qd7 Bxf4 38. Qd5 Qh4+ 39. Kf1 Rd8 40.
Qxd8+ Qxd8 41. Rxf4 Qd1+ 42. Kg2 Qd2+ 43. Kg3 Qxc3+ 44. Kg4 Qb2 45. Kh5 0-1

[Event "World Youth Boys U16 2014"]
[Site "Durban RSA"]
[Date "2014.09.23"]
[Round "6.26"]
[White "Ndlovu, Bhekile"]
[Black "Goncalves, Ruan Lucas Alves"]
[Result "0-1"]
[WhiteElo "1567"]
[BlackElo "1960"]
[WhiteFideId "11001518"]
[BlackFideId "2148030"]
[EventDate "2014.09.20"]

1. e4 c5 2. Nf3 d6 3. d4 cxd4 4. Qxd4 a6 5. Be3 Nd7 6. Nc3 Ngf6 7. Bc4 e6 8.
O-O-O Qc7 9. Ng5 Ne5 10. Be2 Be7 11. f4 Nc6 12. Qd2 O-O 13. Kb1 b5 14. g4 b4 15.
Na4 h6 16. h4 Rb8 17. Bf3 Bd7 18. b3 Rfc8 19. Nh3 Na5 20. Nb6 Rxb6 21. Bxb6 Qxb6
22. g5 Ne8 23. Rdg1 Rc3 24. Bd1 Rxh3 25. Bg4 Rxh1 26. Rxh1 Nc6 27. e5 Qd4 28.
Qxd4 Nxd4 29. Rd1 Nb5 30. Kb2 d5 31. Rh1 hxg5 32. hxg5 Bc5 33. Be2 Bd4+ 34. Kc1
Be3+ 0-1

[Event "World Youth Boys U16 2014"]
[Site "Durban RSA"]
[Date "2014.09.23"]
[Round "6.29"]
[White "Cortes Orihuela, Javier"]
[Black "Subramaniam, Shreyes"]
[Result "1-0"]
[WhiteTitle "FM"]
[WhiteElo "2216"]
[BlackElo "1813"]
[WhiteFideId "3414329"]
[BlackFideId "5707153"]
[EventDate "2014.09.20"]

1. d4 d5 2. c4 e6 3. Nf3 Nf6 4. g3 Be7 5. Bg2 O-O 6. O-O dxc4 7. Qc2 Nbd7 8.
Nbd2 Rb8 9. Nxc4 Nd5 10. Rd1 Nb4 11. Qb1 b5 12. Nce5 Nxe5 13. Nxe5 f6 14. Nf3
Bb7 15. a3 Na6 16. Be3 b4 17. axb4 Nxb4 18. Rxa7 f5 19. Qc1 Na6 20. Qc4 Nc5 21.
Ne5 Bxg2 22. Kxg2 Qd6 23. Qxc5 1-0